| 000 | 00746cam a22002531 4500 | ||
|---|---|---|---|
| 001 | 6474844 | ||
| 003 | NUST - PNEC | ||
| 005 | 20170116181124.0 | ||
| 008 | 770920s1946 xx 000 0 eng | ||
| 010 | _a 47015195 | ||
| 035 | _a(OCoLC)3281405 | ||
| 040 |
_aDLC _cLIBRARY _dDLC |
||
| 050 | 0 | 0 |
_aHD31 _b.M45 |
| 082 | _a658.01 MIL | ||
| 100 | 1 |
_aMilward, G. E. _q(George Esmond), _d1897- |
|
| 245 | 1 | 3 |
_aAn approach to management, _cby G. E. Milward. |
| 260 |
_aLondon, _bMacdonald & Evans, _c1946. |
||
| 300 |
_aviii p., 2 l., 3-82 p. _c22 cm. |
||
| 504 | _aBibliography: p. 80. | ||
| 650 | 0 |
_aIndustrial organization. _xME |
|
| 650 | 0 | _aPersonnel management. | |
| 906 |
_a7 _bcbc _coclcrpl _du _encip _f19 _gy-gencatlg |
||
| 942 |
_2ddc _cBK |
||
| 999 |
_c69660 _d69660 |
||